Espinita Clavá - Abraham Mateo, Lérica - Estadísticas

Estadísticas generales
  • Esta prueba ha sido intentada 45 veces
    44 desde el último reinicio
  • La puntuación promedio es 241 de 267
Estadísticas de respuestas
Letra % Correcto
a
100%
al
100%
algo
100%
aunque
100%
bien
100%
cargando
100%
clavá
100%
como
100%
con
100%
conozca
100%
cuesta
100%
de
100%
desde
100%
duele
100%
el
100%
en
100%
es
100%
ese
100%
espinita
100%
estás
100%
estemos
100%
hasta
100%
Joder
100%
las
100%
llevo
100%
mal
100%
Me
100%
me
100%
mis
100%
na
100%
no
100%
No
100%
padres
100%
pelele
100%
pone
100%
que
100%
Que
100%
queda
100%
saber
100%
Saber
100%
seguir
100%
serás
100%
si
100%
siempre
100%
siento
100%
Solo
100%
tan
100%
te
100%
ti
100%
to
100%
100%
100%
tus
100%
un
100%
Una
100%
una
100%
Y
100%
apuntado
50%
borré
50%
compré
50%
cuando
50%
desayuno
50%
extra
50%
fa
50%
fotos
50%
fu
50%
ganitas
50%
gimnasio
50%
guapete
50%
he
50%
hice
50%
Hoy
50%
le
50%
ni
50%
nos
50%
notas
50%
nuestras
50%
nueva
50%
Odiando
50%
pego
50%
por
50%
prota
50%
ropa
50%
salí
50%
sofá
50%
tardes
50%
tirao
50%
todas
50%
Últimamente
50%
vemos
50%
volvemos
50%
yo
50%
era
0%
gordi
0%
llames
0%
vital
0%
No se encontraron pruebas coincidentes
Distribución de puntuación
Porcentaje de gente con cada puntuación
Porcentaje por número respondido
Historial de tus puntuaciones
No has intentado esta prueba desde el último reinicio